000 00396 a2200169 4500
001 192398
020 _a978-85-359-1813-7
040 _cMagnum
100 _aCalvino, Italo
240 1 0 _aO Visconde partido ao meio
_lpor
245 1 0 _aO Visconde partido ao meio
300 _a95
362 0 _a2011
440 1 _aCompanhia das Letras
697 _aLITERATURA GERAL ESTRANGEIRA
942 _cBK
999 _c192398
_d192398